| 000 | 00593nam a2200205 i 4500 | ||
|---|---|---|---|
| 001 | 90738 | ||
| 003 | ES-MaACL | ||
| 005 | 20230906180540.0 | ||
| 007 | t| | ||
| 008 | 050124s1953 be |||| | spa d | ||
| 100 | 1 |
_aLeirens, Charles. _971389 |
|
| 245 | 1 | 3 |
_aLa música belga / _cpor Charles Leirens. |
| 260 |
_aBruselas : _bVisscher, _c1953. |
||
| 300 |
_a55 p. ; _c23 cm. |
||
| 490 | 1 |
_aArte, vida y ciencia en Bélgica ; _v2 |
|
| 650 | 4 |
_aMúsica belga. _9170790 |
|
| 830 | 0 |
_aArte, vida y ciencia en Bélgica ; _v2 _9231954 |
|
| 852 |
_aES-MaACL _j1959-F-1 |
||
| 999 |
_c90738 _d90738 |
||